Signals and systems / (Record no. 19157)
[ view plain ]
| 000 -LEADER | |
|---|---|
| fixed length control field | 00819nam a22002657a 4500 |
| 005 - DATE AND TIME OF LATEST TRANSACTION | |
| control field | 20201128021226.0 |
| 008 - FIXED-LENGTH DATA ELEMENTS--GENERAL INFORMATION | |
| fixed length control field | 150404t2003 njua frb 001 0 eng d |
| 020 ## - INTERNATIONAL STANDARD BOOK NUMBER | |
| International Standard Book Number | 9780471378518 |
| 040 ## - CATALOGING SOURCE | |
| Original cataloging agency | EG-ScBUE |
| 082 00 - DEWEY DECIMAL CLASSIFICATION NUMBER | |
| Edition number | 22 |
| Classification number | 621.3822 |
| Item number | HAY |
| 100 1# - MAIN ENTRY--PERSONAL NAME | |
| Personal name | Haykin, Simon S., |
| Dates associated with a name | 1931- |
| 9 (RLIN) | 12279 |
| 245 10 - TITLE STATEMENT | |
| Title | Signals and systems / |
| Statement of responsibility, etc | Simon Haykin, Barry Van Veen. |
| 250 ## - EDITION STATEMENT | |
| Edition statement | 2nd ed. |
| 260 ## - PUBLICATION, DISTRIBUTION, ETC. (IMPRINT) | |
| Place of publication, distribution, etc | Hoboken : |
| Name of publisher, distributor, etc | John Wiley & Sons, |
| Date of publication, distribution, etc | c.2003. |
| 300 ## - PHYSICAL DESCRIPTION | |
| Extent | xvii, 802 p. : |
| Other physical details | ill. ; |
| Dimensions | 27 cm. |
| 500 ## - GENERAL NOTE | |
| General note | Includes appendixes. |
| 500 ## - GENERAL NOTE | |
| General note | Index : p. 793-802. |
| 504 ## - BIBLIOGRAPHY, ETC. NOTE | |
| Bibliography, etc | Includes bibliographical references. |
| 650 #0 - SUBJECT ADDED ENTRY--TOPICAL TERM | |
| 9 (RLIN) | 36943 |
| Topical term or geographic name as entry element | Signal processing. |
| 650 #0 - SUBJECT ADDED ENTRY--TOPICAL TERM | |
| 9 (RLIN) | 734 |
| Topical term or geographic name as entry element | System analysis. |
| 653 ## - INDEX TERM--UNCONTROLLED | |
| Resource For college | Engineering, Electrical |
| Arrived date list | April2015 |
| 655 ## - INDEX TERM--GENRE/FORM | |
| Form subdivision | |
| -- | 34232 |
| 700 1# - ADDED ENTRY--PERSONAL NAME | |
| Personal name | Van Veen, Barry. |
| 9 (RLIN) | 37583 |
| 942 ## - ADDED ENTRY ELEMENTS (KOHA) | |
| Source of classification or shelving scheme | Dewey Decimal Classification |
| Call number prefix | 621.3822 HAY |
| Withdrawn status | Item status | Source of classification or shelving scheme | Damaged status | Not for loan | Vendor | Home library | Current library | Shelving location | Date acquired | Source of acquisition | Total Checkouts | Total Renewals | Full call number | Barcode | Date last seen | Date last borrowed | Koha item type | Materials specified (bound volume or other part) |
|---|---|---|---|---|---|---|---|---|---|---|---|---|---|---|---|---|---|---|
| Dewey Decimal Classification | Baccah | Central Library | Central Library | First floor | 04/04/2015 | 4 | 21 | 621.3822 HAY | 000037914 | 15/07/2025 | 05/12/2019 | Book - Borrowing | ||||||
| Dewey Decimal Classification | Baccah | Central Library | Central Library | First floor | 04/04/2015 | 5 | 42 | 621.3822 HAY | 000037915 | 15/07/2025 | 10/11/2020 | Book - Borrowing | ||||||
| Lost | Dewey Decimal Classification | Baccah | Central Library | Central Library | First floor | 04/04/2015 | 621.3822 HAY | 000037916 | 17/09/2018 | Book - Borrowing | Lost In Inventory_18-8-2021 |